000 01805nam a2200445 c 4500
999 _c34627
_d34627
003 BLK
005 20250119004054.0
008 180408b bul|||||r ||||||| ||bul||
010 _aKNG00037332000
040 _aBLK
041 _aBUL
_cBUL
072 7 _2bullib
_aК
_xКраезнание
080 _aБългария (1878-1885)
_b94(497.2)"1878/1885"
_z94(497.2)"1878/1885"
100 1 _aВълчев, Генади
_eпърви автор
_gГанчев, Генади Вълчев
_9254350
139 _aВълчев, Генади
_bВ 95
245 1 0 _aЗащитници на Съединението 1885 г.
_cГенади Вълчев; * Генади Вълчев Ганчев.
257 _aBGR
260 _bИзд. авт.
_c2000
_fВидин : Спектър пласт 95
300 _a347 с.
_bс портр., факс., ил.
_c20 см
380 _a9
500 _aПълното име на авт. е Генади Вълчев Ганчев. - Офс. изд.
650 4 _aСъединение на Източна Румелия и Княжество България, 1885 г. - дейци
_9257132
650 4 _aСръбско-българска война, 1885 г.
_9252722
650 7 _aИстория - България
_2
_9157745
651 4 _aБългария
_9241624
653 _aСъединението 1885
653 _aСръбско-българска война
653 _aБългария
653 _aистория
659 _aК
700 1 _aГанчев, Генади Вълчев
_e*
_9367160
852 _aЦб 209409
852 _aК 94(497.2)"1878..."/В 95
856 4 _qpdf
856 4 _qpdf
942 _cKNG
_n0
_s1
944 _aCR
_c15.01.2003
_k
_lCRON CRON
944 _aED
_c27.09.2013
999 _d34627